[Event "PRO League Group Stage"]
[Site "chess.com INT"]
[Date "2019.02.20"]
[Round "7"]
[White "Bashkansky, Naomi"]
[Black "Li, Yunshan"]
[Result "1-0"]
[WhiteTitle "WIM"]
[BlackTitle "WFM"]
[WhiteElo "1994"]
[BlackElo "2246"]
[WhiteTeam "Seattle Sluggers"]
[BlackTeam "Chengdu Pandas"]
[WhiteFideId "2072289"]
[BlackFideId "8607664"]
[EventDate "2019.01.08"]

1. d4 Nf6 2. c4 g6 3. Nc3 d5 4. Nf3 Bg7 5. cxd5 Nxd5 6. Qb3 Nxc3 7. bxc3 c5 8.
e3 O-O 9. Be2 Nc6 10. O-O b6 11. Bb2 Na5 12. Qc2 Be6 13. Rfd1 cxd4 14. cxd4 Rc8
15. Qa4 Bc4 16. Bxc4 Nxc4 17. Rab1 Rc7 18. h3 Qd5 19. Nd2 Nxb2 20. Rxb2 Rfc8 21.
Qb3 Qf5 22. Rbb1 h5 23. Nf3 Rc2 24. Qa3 R8c7 25. Rbc1 e6 26. Nd2 Bf8 27. Rxc2
Qxc2 28. Qb3 Qxb3 29. Nxb3 Ba3 30. Kf1 a5 31. Rd3 a4 32. Nd2 Bb4 33. Ke2 Rc2 34.
a3 Ba5 35. Kd1 Ra2 36. Nc4 Rxf2 37. Nxa5 bxa5 38. Rd2 Rf1+ 39. Ke2 Rb1 40. Rc2
Rb3 41. Ra2 Kf8 42. Kf3 Ke7 43. Ke4 Kd6 44. Kf4 f6 45. g4 g5+ 46. Kf3 h4 47. Ke4
Rc3 48. Ra1 Ke7 49. Ra2 Kf7 50. Ra1 Kg6 51. Ra2 f5+ 52. gxf5+ exf5+ 53. Kf3
Rxe3+ 54. Kxe3 1-0

[Event "PRO League Group Stage"]
[Site "chess.com INT"]
[Date "2019.02.20"]
[Round "7"]
[White "Adly, Ahmed"]
[Black "Le, Quang Liem"]
[Result "0-1"]
[WhiteTitle "GM"]
[BlackTitle "GM"]
[WhiteElo "2611"]
[BlackElo "2714"]
[WhiteTeam "Delhi Dynamite"]
[BlackTeam "Webster Windmills"]
[WhiteFideId "10601619"]
[BlackFideId "12401137"]
[EventDate "2019.01.08"]

1. Nf3 c5 2. g3 Nc6 3. Bg2 g6 4. O-O Bg7 5. c4 e5 6. Nc3 Nge7 7. d3 O-O 8. a3 d6
9. Rb1 a5 10. Ne1 Be6 11. Nc2 d5 12. cxd5 Nxd5 13. Ne3 Nde7 14. Bd2 b6 15. Nc4
Rb8 16. Ne4 a4 17. Bg5 h6 18. Bf6 Bxf6 19. Nxf6+ Kg7 20. Ne4 Qc7 21. f4 f5 22.
Nc3 b5 23. Nxe5 Nxe5 24. fxe5 Qxe5 25. Qd2 g5 26. e3 Rfd8 27. Qe2 Ng6 28. Rbc1
Rb6 29. Rf2 Qd6 30. d4 cxd4 31. exd4 Bc4 32. Qd2 Qxd4 33. Qxd4+ Rxd4 34. Rxf5
Rd2 35. Nxa4 Rbd6 36. Nc5 Rxb2 37. a4 Rdd2 38. Be4 Ne7 39. Re5 Kf6 40. Rxe7 Kxe7
41. a5 Ra2 42. a6 Kd6 43. Nb7+ Ke5 44. Re1 Re2 45. Rxe2 Bxe2 46. Bh7 Rxa6 47.
Nc5 Ra7 48. Bg6 Kd4 49. Nb3+ Ke3 50. h4 Bf3 51. hxg5 hxg5 52. g4 Bd5 53. Nc5
Ra1+ 54. Kh2 b4 55. Bf5 b3 56. Nd3 Rd1 57. Nb4 Be4 58. Bxe4 Kxe4 59. Kg2 b2 60.
Na2 Rd2+ 61. Kg3 Rd3+ 0-1

[Event "PRO League Group Stage"]
[Site "chess.com INT"]
[Date "2019.02.20"]
[Round "7"]
[White "Robson, Ray"]
[Black "Kannappan, Priyadharshan"]
[Result "1-0"]
[WhiteTitle "GM"]
[BlackTitle "GM"]
[WhiteElo "2667"]
[BlackElo "2553"]
[WhiteTeam "Webster Windmills"]
[BlackTeam "Delhi Dynamite"]
[WhiteFideId "2023970"]
[BlackFideId "5018293"]
[EventDate "2019.01.08"]

1. e4 e5 2. Nf3 Nc6 3. Bb5 Nf6 4. d3 d6 5. O-O Be7 6. c3 O-O 7. Nbd2 a6 8. Ba4
b5 9. Bc2 Re8 10. Re1 Bf8 11. h3 Bb7 12. d4 g6 13. a3 exd4 14. cxd4 Bg7 15. Nf1
Na5 16. Ng3 c5 17. d5 Nd7 18. Bg5 Qc7 19. Rb1 c4 20. Nh2 h6 21. Be3 Nc5 22. Ng4
h5 23. Nh6+ Kf8 24. Nhf5 gxf5 25. Nxf5 Re5 26. Nxg7 Kxg7 27. f4 Ree8 28. Qxh5 f6
29. e5 Qf7 30. exf6+ Qxf6 31. Bxc5 dxc5 32. Rxe8 Rxe8 33. Qxe8 Bxd5 34. Qd7+ Bf7
35. Rd1 Qxb2 36. Qg4+ Kf8 37. Rd8+ Ke7 38. Qg5+ Qf6 39. Rd7+ 1-0

[Event "PRO League Group Stage"]
[Site "chess.com INT"]
[Date "2019.02.20"]
[Round "7"]
[White "Grover, Sahaj"]
[Black "Boros, Denes"]
[Result "1-0"]
[WhiteTitle "GM"]
[BlackTitle "GM"]
[WhiteElo "2511"]
[BlackElo "2442"]
[WhiteTeam "Delhi Dynamite"]
[BlackTeam "Webster Windmills"]
[WhiteFideId "5021103"]
[BlackFideId "722340"]
[EventDate "2019.01.08"]

1. e4 e6 2. d4 d5 3. Nc3 Nf6 4. e5 Nfd7 5. f4 c5 6. Nf3 Nc6 7. Be3 Qb6 8. Na4
Qa5+ 9. c3 b6 10. a3 c4 11. b4 cxb3 12. Qxb3 Ba6 13. Nb2 Rc8 14. Bd2 Bxf1 15.
Rxf1 Qa6 16. c4 dxc4 17. Nxc4 Nxd4 18. Nxd4 Rxc4 19. Nb5 Qa4 20. Qxa4 Rxa4 21.
f5 Re4+ 22. Kd1 Nxe5 23. fxe6 fxe6 24. Rc1 Bc5 25. Rxc5 bxc5 26. Nd6+ Kd7 27.
Nxe4 Nc4 28. Rf7+ Kc6 29. Rxa7 Rd8 30. Ra6+ Kd5 31. Bg5 Rd7 32. Nd2 Ne5 33. Kc2
Nc6 34. Be3 e5 35. Nb1 Nd4+ 36. Kd3 c4+ 37. Kd2 Ke4 38. Nc3+ Kf5 39. Bxd4 exd4
40. Nb5 Ke5 41. Rc6 Rb7 42. Rc5+ Kf4 43. Nxd4 Rb2+ 44. Nc2 g5 45. Rxc4+ Kf5 46.
Rb4 Ra2 47. Kc1 1-0

[Event "PRO League Group Stage"]
[Site "chess.com INT"]
[Date "2019.02.20"]
[Round "7"]
[White "Polgar-Shutzman, Tom"]
[Black "Manu, David Suthandram R"]
[Result "1/2-1/2"]
[WhiteElo "2181"]
[BlackElo "2252"]
[WhiteTeam "Webster Windmills"]
[BlackTeam "Delhi Dynamite"]
[WhiteFideId "2064880"]
[BlackFideId "35019562"]
[EventDate "2019.01.08"]

1. e4 c5 2. Nf3 Nc6 3. Bb5 e6 4. O-O Nge7 5. Re1 g6 6. c3 Bg7 7. d4 cxd4 8. cxd4
Qb6 9. Bxc6 dxc6 10. Nc3 O-O 11. Na4 Qc7 12. Qc2 Rd8 13. Be3 b6 14. Rac1 Bb7 15.
Red1 Rac8 16. Bg5 h6 17. Be3 g5 18. h3 Ng6 19. Nc3 Qb8 20. Ne2 e5 21. dxe5 Nxe5
22. Nxe5 Qxe5 23. Bd4 Qe8 24. Bxg7 Kxg7 25. Ng3 Qe5 26. Rd3 c5 27. Rcd1 Rxd3 28.
Qxd3 c4 29. Qf3 Rc7 30. Nf5+ Kg6 31. Ng3 Kg7 32. Nf5+ Kg6 33. Ng3 Kg7 1/2-1/2

[Event "PRO League Group Stage"]
[Site "chess.com INT"]
[Date "2019.02.20"]
[Round "7"]
[White "Smirnov, Anton"]
[Black "Adhiban, Baskaran"]
[Result "1/2-1/2"]
[WhiteTitle "GM"]
[BlackTitle "GM"]
[WhiteElo "2569"]
[BlackElo "2689"]
[WhiteTeam "Australia Kangaroos"]
[BlackTeam "Mumbai Movers"]
[WhiteFideId "3208923"]
[BlackFideId "5018471"]
[EventDate "2019.01.08"]

1. e4 e5 2. Nf3 Nc6 3. Nc3 Nf6 4. d4 exd4 5. Nxd4 Bb4 6. Nxc6 bxc6 7. Bd3 O-O 8.
O-O Re8 9. Bg5 Rb8 10. f4 Be7 11. e5 Nd5 12. Nxd5 cxd5 13. Bxe7 Qxe7 14. b3 d6
15. exd6 Qxd6 16. Qd2 c5 17. Rae1 Bb7 18. Rxe8+ Rxe8 19. Re1 Rxe1+ 20. Qxe1 g6
21. Qf2 d4 22. f5 Kg7 23. fxg6 hxg6 24. h4 Qe5 25. a3 a5 26. a4 Bd5 27. Kf1 f5
28. g3 Be4 29. Qf4 Qe7 30. Kf2 Bd5 31. Kf1 Be4 32. Kf2 Bd5 33. Kf1 Be4 34. Ke2
Bd5+ 35. Kd2 Be4 36. Bc4 Bc6 37. Bd3 Be4 38. Kd1 Bxd3 39. cxd3 Qe6 40. Qc7+ Kh6
41. Qf4+ Kg7 42. Qc7+ Kh6 43. Qb8 Kh5 44. Qf4 Qxb3+ 45. Kd2 Qc3+ 46. Ke2 Qc2+
47. Ke1 Qb1+ 48. Kf2 Qc2+ 49. Ke1 1/2-1/2

[Event "PRO League Group Stage"]
[Site "chess.com INT"]
[Date "2019.02.20"]
[Round "7"]
[White "Ghosh, Diptayan"]
[Black "Shevchenko, Kirill"]
[Result "0-1"]
[WhiteTitle "GM"]
[BlackTitle "GM"]
[WhiteElo "2544"]
[BlackElo "2539"]
[WhiteTeam "Mumbai Movers"]
[BlackTeam "Australia Kangaroos"]
[WhiteFideId "5045207"]
[BlackFideId "14129574"]
[EventDate "2019.01.08"]

1. Nf3 Nf6 2. g3 b6 3. Bg2 Bb7 4. O-O e6 5. c4 Be7 6. Nc3 O-O 7. Re1 Ne4 8. Nxe4
Bxe4 9. d3 Bb7 10. e4 c5 11. d4 cxd4 12. Nxd4 d6 13. b3 a6 14. Bb2 Nd7 15. e5
Bxg2 16. exd6 Bxd6 17. Kxg2 Qc7 18. Nf3 Be7 19. Qe2 Bf6 20. Bxf6 Nxf6 21. Ne5
Nd7 22. Nxd7 Qxd7 23. Rad1 Qc7 24. Rd4 Rfd8 25. Red1 Rxd4 26. Rxd4 Rd8 27. Qe5
Qb7+ 28. f3 Rxd4 29. Qxd4 Qc7 30. b4 f6 31. Kf2 Kf7 32. Ke2 Qc6 33. a3 h6 34.
Qd3 e5 35. Kd2 h5 36. Kc3 Ke6 37. Kb3 f5 38. a4 a5 39. c5 bxc5 40. bxa5 Qb7+ 41.
Kc2 Qb4 42. Qb5 Kd6 43. a6 Kc7 44. h4 Qxb5 45. axb5 Kb6 46. Kd3 g6 47. Kc3 e4
48. fxe4 fxe4 49. Kc4 Ka7 0-1

[Event "PRO League Group Stage"]
[Site "chess.com INT"]
[Date "2019.02.20"]
[Round "7"]
[White "Kulkarni, Rakesh"]
[Black "Song, Raymond"]
[Result "1-0"]
[WhiteTitle "IM"]
[BlackTitle "FM"]
[WhiteElo "2298"]
[BlackElo "2329"]
[WhiteTeam "Mumbai Movers"]
[BlackTeam "Australia Kangaroos"]
[WhiteFideId "5037077"]
[BlackFideId "3203824"]
[EventDate "2019.01.08"]

1. e4 c6 2. c4 d5 3. cxd5 cxd5 4. exd5 Nf6 5. Qa4+ Nbd7 6. Nc3 g6 7. Bc4 Bg7 8.
Nf3 O-O 9. d3 a6 10. Qa3 b6 11. O-O Bb7 12. Re1 Re8 13. Ng5 b5 14. Bb3 Qb6 15.
Be3 b4 16. Bxb6 bxa3 17. Bd4 axb2 18. Rab1 h6 19. Nf3 Nh5 20. Rxb2 Bxd4 21. Nxd4
Nc5 22. Bc4 Nf4 23. Re3 Rad8 24. Nc6 Bxc6 25. dxc6 Rd6 26. g3 Nh5 27. c7 Rc6 28.
Nd5 Kf8 29. Rb6 Re6 30. Rbxe6 Nxe6 31. Rxe6 fxe6 32. Nb6 e5 33. Bxa6 Nf6 34. Bb5 1-0

[Event "PRO League Group Stage"]
[Site "chess.com INT"]
[Date "2019.02.20"]
[Round "7"]
[White "Ly, Moulthun"]
[Black "Karavade, Eesha"]
[Result "1-0"]
[WhiteTitle "GM"]
[BlackTitle "IM"]
[WhiteElo "2486"]
[BlackElo "2365"]
[WhiteTeam "Australia Kangaroos"]
[BlackTeam "Mumbai Movers"]
[WhiteFideId "3204405"]
[BlackFideId "5012600"]
[EventDate "2019.01.08"]

1. e4 c5 2. Nf3 d6 3. d4 cxd4 4. Qxd4 Nc6 5. Bb5 Bd7 6. Bxc6 Bxc6 7. Nc3 Nf6 8.
Bg5 e6 9. O-O-O Be7 10. Rhe1 O-O 11. Kb1 Qc7 12. Qd2 b5 13. Nd4 b4 14. Ncb5 Qb6
15. Nxd6 Bd7 16. e5 Nd5 17. Bxe7 Nxe7 18. f4 a5 19. g4 a4 20. f5 b3 21. cxb3
axb3 22. a3 Ra5 23. Nc4 1-0

[Event "PRO League Group Stage"]
[Site "chess.com INT"]
[Date "2019.02.20"]
[Round "7"]
[White "Naroditsky, Daniel"]
[Black "Caruana, Fabiano"]
[Result "1/2-1/2"]
[WhiteTitle "GM"]
[BlackTitle "GM"]
[WhiteElo "2616"]
[BlackElo "2828"]
[WhiteTeam "San Francisco Mechanics"]
[BlackTeam "Saint Louis Arch Bishops"]
[WhiteFideId "2026961"]
[BlackFideId "2020009"]
[EventDate "2019.01.08"]

1. e4 e5 2. Nf3 Nf6 3. Nxe5 d6 4. Nf3 Nxe4 5. Qe2 Qe7 6. d3 Nf6 7. Bg5 Nbd7 8.
Nc3 h6 9. Bh4 Qxe2+ 10. Bxe2 g6 11. O-O-O Bg7 12. d4 a6 13. Rhe1 O-O 14. Bd3 b5
15. a3 Nb6 16. Bxf6 Bxf6 17. Be4 Rb8 18. Nd5 Nxd5 19. Bxd5 Bd7 20. Re2 a5 21.
Rde1 b4 22. axb4 axb4 23. h3 Kg7 24. Kd2 Rb5 25. Bc4 Ra5 26. Bd3 c5 27. b3 Rc8
28. Bc4 cxd4 29. Bd3 Bc6 30. Rd1 Bxf3 31. gxf3 Rh5 32. Rh1 Bg5+ 33. Ke1 Ra8 34.
Kf1 Bf4 35. Re4 Be5 36. Kg2 f5 37. Ree1 Rg5+ 38. Kf1 Kf6 39. h4 Rh5 40. f4 Bxf4
41. Be2 Ra2 42. Bxh5 gxh5 43. Re2 Be5 44. Rh3 f4 45. Kg2 Kf5 46. Rd3 Kg4 47. Rh3
Ra1 48. f3+ Kf5 49. Rh1 Ra8 50. Rg1 Rc8 51. Rd1 Bf6 52. Kh2 Ra8 53. Kg2 Rg8+ 54.
Kh2 Rc8 55. Kg2 Rc5 56. Kh2 Ra5 57. Kg2 Ra2 58. Kh2 Be5 59. Kg2 Ra5 60. Kh2 Ra8
61. Kg2 Rc8 62. Kh2 Rg8 63. Rg2 Ra8 64. Re2 Ra5 65. Kg2 1/2-1/2

[Event "PRO League Group Stage"]
[Site "chess.com INT"]
[Date "2019.02.20"]
[Round "7"]
[White "So, Wesley"]
[Black "Bhat, Vinay"]
[Result "1/2-1/2"]
[WhiteTitle "GM"]
[BlackTitle "GM"]
[WhiteElo "2765"]
[BlackElo "2519"]
[WhiteTeam "Saint Louis Arch Bishops"]
[BlackTeam "San Francisco Mechanics"]
[WhiteFideId "5202213"]
[BlackFideId "2011352"]
[EventDate "2019.01.08"]

1. c4 e5 2. d3 Nc6 3. Nf3 d6 4. Nc3 g6 5. g3 Bg7 6. Bg2 f5 7. O-O Nf6 8. Rb1 O-O
9. b4 a6 10. Bd2 Kh8 11. a4 Ne7 12. b5 axb5 13. axb5 Rb8 14. Qa4 Be6 15. Rfc1 b6
16. Ne1 Qd7 17. Nc2 f4 18. Nb4 Bh3 19. Rf1 Bxg2 20. Kxg2 d5 21. cxd5 Nexd5 22.
Nbxd5 Nxd5 23. Qe4 Nf6 24. Qxe5 Rbe8 25. Qxf4 Ne4 26. Nxe4 Rxf4 27. Bxf4 Be5 28.
Bxe5+ Rxe5 29. Rfc1 Rxb5 30. Rxb5 Qxb5 31. Rxc7 Qe5 32. Rb7 Qd4 33. e3 Qd5 34.
Rxb6 Qxd3 35. Rb8+ Kg7 36. Rb7+ Kf8 37. Rb4 Qd5 38. Rd4 Qc6 39. h4 h6 40. g4 Kf7
41. Kg3 Qc1 42. Kg2 Qc6 43. f3 Qc2+ 44. Nf2 Qc1 45. Rf4+ Kg7 46. Re4 Qc2 47. g5
hxg5 48. hxg5 Qc1 49. Re5 Qc3 50. f4 Kf7 51. Re4 Qc6 52. Kf3 Qc1 53. Rd4 Qg1 54.
Rd7+ Kf8 55. Rd6 Kf7 56. e4 Qc1 57. Rf6+ Kg7 58. Rd6 Qc3+ 59. Rd3 Qc1 60. e5 Kf7
61. Rd7+ Ke6 62. Rd6+ Kf7 63. Rf6+ Kg7 64. e6 Qc3+ 65. Kg4 Qe3 66. Nh1 Qe2+ 67.
Kh3 Qf1+ 68. Kh2 Qe2+ 69. Kg3 Qe3+ 70. Kg2 Qe4+ 71. Kh2 Qe2+ 72. Kh3 Qf1+ 73.
Kh2 Qe2+ 1/2-1/2

[Event "PRO League Group Stage"]
[Site "chess.com INT"]
[Date "2019.02.20"]
[Round "7"]
[White "Zierk, Steven"]
[Black "Theodorou, Nikolas"]
[Result "1-0"]
[WhiteTitle "GM"]
[BlackTitle "IM"]
[WhiteElo "2510"]
[BlackElo "2552"]
[WhiteTeam "San Francisco Mechanics"]
[BlackTeam "Saint Louis Arch Bishops"]
[WhiteFideId "2034255"]
[BlackFideId "4262875"]
[EventDate "2019.01.08"]

1. e4 e5 2. Nf3 Nc6 3. d4 exd4 4. Nxd4 Bb4+ 5. c3 Bc5 6. Be3 Bb6 7. Nf5 g6 8.
Bxb6 axb6 9. Ne3 Nf6 10. Nd2 O-O 11. Bc4 Ne5 12. Be2 d5 13. f4 Nc6 14. e5 d4 15.
cxd4 Qxd4 16. Ndc4 Ne4 17. Bf3 Nc5 18. O-O Be6 19. Bxc6 Qxd1 20. Rfxd1 bxc6 21.
b4 Ne4 22. a3 Nc3 23. Rd2 Rfd8 24. Rc2 Nb5 25. Kf2 Rd3 26. a4 Nc3 27. a5 Ne4+
28. Kf3 Rd4 29. axb6 Rxa1 30. b7 Rd8 31. Na5 Rb8 32. Kxe4 Ra4 33. Kf3 Ra3 34.
Ke2 Ra4 35. Kf3 h5 36. h3 Ra3 37. Kf2 h4 38. Rxc6 Ra2+ 39. Kf3 Rb2 40. Rc3 Kg7
41. Rc1 Kh7 42. Rc3 Kg7 43. Rc1 c6 44. Rc5 Bd7 45. Nc2 Be6 46. Ne3 Bd7 47. Nc2
Be6 48. Nd4 Bd7 49. Rc4 Rb1 50. Ke3 Rb2 51. Kf3 Rb1 52. Ndb3 Be6 53. Nc5 Bxc4
54. Nxc4 Rxb4 55. Nd6 Kg8 56. Kg4 Kg7 57. Kg5 Rb2 58. f5 Rxg2+ 59. Kf4 Rb2 60.
f6+ Kg8 61. Kg5 Rg2+ 62. Kh6 Rb2 63. e6 fxe6 64. f7+ Kh8 65. Nd7 Rd8 66. f8=Q+
Rxf8 67. Nxf8 Kg8 68. Nxe6 g5 69. Kxg5 Rb3 70. Nd4 Rb6 71. Nxc6 Kg7 72. b8=Q
Rxb8 73. Nxb8 1-0

[Event "PRO League Group Stage"]
[Site "chess.com INT"]
[Date "2019.02.20"]
[Round "7"]
[White "Bloomer, Josh"]
[Black "Hong, Andrew"]
[Result "1-0"]
[BlackTitle "FM"]
[WhiteElo "1950"]
[BlackElo "2390"]
[WhiteTeam "Saint Louis Arch Bishops"]
[BlackTeam "San Francisco Mechanics"]
[WhiteFideId "2020416"]
[BlackFideId "2099438"]
[EventDate "2019.01.08"]

1. e4 c5 2. Nf3 d6 3. d4 cxd4 4. Nxd4 Nf6 5. Nc3 a6 6. Bg5 Nbd7 7. Bc4 Qb6 8.
Bb3 e6 9. Be3 Nc5 10. f3 Be7 11. Qd2 Nxb3 12. axb3 Qd8 13. O-O-O e5 14. Nde2 Be6
15. g4 a5 16. g5 Nd7 17. Kb1 Qb8 18. f4 f6 19. Nd5 Bd8 20. Nec3 b5 21. gxf6 gxf6
22. Rhg1 Rg8 23. Rxg8+ Bxg8 24. Rg1 Bf7 25. Rg7 Nf8 26. fxe5 dxe5 27. Qf2 Ra6
28. Bc5 b4 29. Na4 Qc8 30. Bxf8 Kxf8 31. Rxh7 Rc6 32. Rh8+ Kg7 33. Qh4 Bg8 34.
Ne3 f5 35. Nxf5+ Qxf5 36. Rxg8+ Kxg8 37. Qxd8+ Qf8 38. Qd5+ Qf7 39. Qxc6 Kh8 40.
Qh6+ Kg8 41. Qg5+ Kh7 42. Nc5 Qf1+ 43. Ka2 Qf7 44. Qxe5 Qa7 45. Qd5 a4 46. Qd7+
Qxd7 47. Nxd7 axb3+ 48. Kxb3 1-0

[Event "PRO League Group Stage"]
[Site "chess.com INT"]
[Date "2019.02.20"]
[Round "7"]
[White "Caruana, Fabiano"]
[Black "Adly, Ahmed"]
[Result "1-0"]
[WhiteTitle "GM"]
[BlackTitle "GM"]
[WhiteElo "2828"]
[BlackElo "2611"]
[WhiteTeam "Saint Louis Arch Bishops"]
[BlackTeam "Delhi Dynamite"]
[WhiteFideId "2020009"]
[BlackFideId "10601619"]
[EventDate "2019.01.08"]

1. e4 c5 2. Nf3 Nf6 3. Nc3 d6 4. d4 cxd4 5. Nxd4 a6 6. Be2 e5 7. Nb3 Be6 8. Be3
Be7 9. g4 h6 10. Rg1 Nbd7 11. Qd2 Nb6 12. O-O-O Qc7 13. h4 Nfd7 14. g5 hxg5 15.
Bxg5 Nf6 16. f4 Nc4 17. Bxc4 Bxc4 18. Kb1 O-O-O 19. Qe3 Kb8 20. Rg2 Nh5 21. Bxe7
Qxe7 22. f5 Nf4 23. Rxg7 d5 24. exd5 Bxd5 25. Rg4 Bxb3 26. axb3 Qf6 27. Re1 Rde8
28. Qc5 Qxf5 29. Rg5 Qc8 30. Qd6+ Qc7 31. Qxc7+ Kxc7 32. Rf5 Rxh4 33. Rxf7+ Kc6
34. Rd1 Ne6 35. Rdd7 Nc5 36. Rc7+ Kd6 37. Ka2 b5 38. Ra7 Re6 39. Rf8 Re7 40.
Rd8+ Ke6 41. Raa8 Rd7 42. Re8+ Kd6 43. Rg8 Re7 44. Rg1 Re6 45. Rd1+ Rd4 46. b4
Rxd1 47. bxc5+ Kxc5 48. Nxd1 e4 49. Rc8+ Kd4 50. Rd8+ Ke5 51. Ne3 Kf4 52. Nd5+
Kf3 53. Rf8+ Kg3 54. Ne3 Rg6 55. Kb3 a5 56. Kc3 b4+ 57. Kd4 a4 58. Kxe4 Ra6 59.
Rf1 a3 60. bxa3 Rxa3 61. Rb1 Kf2 62. Nd5 Ke2 63. Rxb4 1-0

[Event "PRO League Group Stage"]
[Site "chess.com INT"]
[Date "2019.02.20"]
[Round "7"]
[White "Kannappan, Priyadharshan"]
[Black "So, Wesley"]
[Result "0-1"]
[WhiteTitle "GM"]
[BlackTitle "GM"]
[WhiteElo "2553"]
[BlackElo "2765"]
[WhiteTeam "Delhi Dynamite"]
[BlackTeam "Saint Louis Arch Bishops"]
[WhiteFideId "5018293"]
[BlackFideId "5202213"]
[EventDate "2019.01.08"]

1. e4 e5 2. Nf3 Nc6 3. Nc3 Nf6 4. Bb5 Bb4 5. O-O O-O 6. d3 d6 7. Ne2 Ne7 8. c3
Ba5 9. Ng3 c6 10. Ba4 Ng6 11. Re1 Re8 12. h3 h6 13. d4 exd4 14. Nxd4 d5 15. exd5
Rxe1+ 16. Qxe1 Nxd5 17. Bd2 Bb6 18. Bb3 Bxd4 19. cxd4 Be6 20. Rd1 Ndf4 0-1

[Event "PRO League Group Stage"]
[Site "chess.com INT"]
[Date "2019.02.20"]
[Round "7"]
[White "Theodorou, Nikolas"]
[Black "Grover, Sahaj"]
[Result "1-0"]
[WhiteTitle "IM"]
[BlackTitle "GM"]
[WhiteElo "2552"]
[BlackElo "2511"]
[WhiteTeam "Saint Louis Arch Bishops"]
[BlackTeam "Delhi Dynamite"]
[WhiteFideId "4262875"]
[BlackFideId "5021103"]
[EventDate "2019.01.08"]

1. d4 Nf6 2. c4 e6 3. g3 d5 4. Bg2 dxc4 5. Qa4+ c6 6. Qxc4 b5 7. Qc2 Bb7 8. Nf3
Nbd7 9. a4 a6 10. O-O c5 11. axb5 axb5 12. Rxa8 Bxa8 13. Na3 Qb6 14. dxc5 Bxc5
15. b4 Bxb4 16. Qc8+ Qd8 17. Qxd8+ Kxd8 18. Nxb5 Ke7 19. Nfd4 Bxg2 20. Kxg2 Rc8
21. Na7 Rc4 22. Ndc6+ Ke8 23. Nxb4 Rxb4 24. Ba3 Rb3 25. Ra1 Ne5 26. Bc5 Nfd7 27.
Bd4 f6 28. Nc8 Rb8 29. Nd6+ Ke7 30. Ne4 Rb4 31. Rd1 Rc4 32. f3 Nc6 33. Bb2 Rc2
34. Ba3+ Ke8 35. Kf2 e5 36. Nd6+ Kd8 37. Nb5 Kc8 38. g4 g6 39. h4 Ra2 40. Rc1
Kb7 41. Rd1 Nb6 42. Bc5 Nc4 43. Rd7+ Kb8 44. Rxh7 Ra5 45. Bd6+ Nxd6 46. Nxd6 Nd4
47. Rb7+ Ka8 48. Rb2 Ra1 49. Ne4 f5 50. gxf5 gxf5 51. Ng3 f4 52. Nf1 Ra6 53. Kg2
Rh6 54. Kh3 Nf5 55. Kg4 Nxh4 56. Kg5 Rh8 57. Nd2 Ng2 58. Nc4 Re8 59. Kf6 e4 60.
Nd6 exf3 61. exf3 Rd8 62. Ke7 Rxd6 63. Kxd6 Ne3 64. Rb4 1-0

[Event "PRO League Group Stage"]
[Site "chess.com INT"]
[Date "2019.02.20"]
[Round "7"]
[White "Manu, David Suthandram R"]
[Black "Bloomer, Josh"]
[Result "1-0"]
[WhiteElo "2252"]
[BlackElo "1950"]
[WhiteTeam "Delhi Dynamite"]
[BlackTeam "Saint Louis Arch Bishops"]
[WhiteFideId "35019562"]
[BlackFideId "2020416"]
[EventDate "2019.01.08"]

1. e4 c5 2. Nf3 d6 3. c3 Nf6 4. Bc4 Nc6 5. d3 e6 6. O-O Be7 7. Bb3 O-O 8. Re1 b6
9. d4 Bb7 10. Nbd2 cxd4 11. cxd4 Rc8 12. Nf1 d5 13. e5 Ne4 14. a3 Na5 15. Bc2 f5
16. exf6 Bxf6 17. Ng3 Nc4 18. Nxe4 dxe4 19. Bxe4 Bxe4 20. Rxe4 e5 21. d5 Rc5 22.
Re1 Qxd5 23. Qe2 e4 24. Qxe4 Qxe4 25. Rxe4 Nxb2 26. Be3 Rc2 27. Bd4 Bxd4 28.
Rxd4 Rfc8 29. h3 R2c7 30. Kh2 Nc4 31. a4 h6 32. Rad1 a6 33. Nh4 b5 34. axb5 axb5
35. Rb1 Rc5 36. Ng6 R8c7 37. Nf4 R7c6 38. Nd3 Rf5 39. g4 Rf3 40. Rxb5 Rc7 41.
Kg2 Rf6 42. h4 Rfc6 43. h5 Nd6 44. Rb8+ Kh7 45. Ne5 Ra6 46. Ng6 Nf7 47. Nf8+ 1-0

[Event "PRO League Group Stage"]
[Site "chess.com INT"]
[Date "2019.02.20"]
[Round "7"]
[White "Adhiban, Baskaran"]
[Black "Naroditsky, Daniel"]
[Result "0-1"]
[WhiteTitle "GM"]
[BlackTitle "GM"]
[WhiteElo "2689"]
[BlackElo "2616"]
[WhiteTeam "Mumbai Movers"]
[BlackTeam "San Francisco Mechanics"]
[WhiteFideId "5018471"]
[BlackFideId "2026961"]
[EventDate "2019.01.08"]

1. Nf3 d5 2. c4 d4 3. b4 Bg4 4. d3 Nf6 5. g3 Bxf3 6. exf3 e5 7. a3 a5 8. b5 Nbd7
9. Bg2 Bd6 10. O-O O-O 11. f4 exf4 12. Bxb7 Rb8 13. Bg2 Nc5 14. Bxf4 Bxf4 15.
gxf4 Qd6 16. Qf3 Ne6 17. Nd2 Nxf4 18. Rfe1 Nd7 19. Nb3 a4 20. Na5 Nc5 21. Bf1
Rbe8 22. Nc6 Re6 23. Kh1 Rf6 24. Qg3 Kh8 25. Re5 Nce6 26. Bg2 Rg6 27. Qf3 Nxg2
28. c5 Nxc5 29. Rxc5 Qxc5 0-1

[Event "PRO League Group Stage"]
[Site "chess.com INT"]
[Date "2019.02.20"]
[Round "7"]
[White "Bhat, Vinay"]
[Black "Ghosh, Diptayan"]
[Result "0-1"]
[WhiteTitle "GM"]
[BlackTitle "GM"]
[WhiteElo "2519"]
[BlackElo "2544"]
[WhiteTeam "San Francisco Mechanics"]
[BlackTeam "Mumbai Movers"]
[WhiteFideId "2011352"]
[BlackFideId "5045207"]
[EventDate "2019.01.08"]

1. d4 Nf6 2. c4 e6 3. Nf3 b6 4. g3 Ba6 5. Qa4 Bb7 6. Bg2 c5 7. dxc5 Bxc5 8. O-O
O-O 9. Nc3 Be7 10. Rd1 Na6 11. Bf4 Nc5 12. Qc2 Qc8 13. Rd4 d5 14. Rc1 Nce4 15.
Nxe4 dxe4 16. Ne5 h6 17. h4 Rd8 18. Rxd8+ Qxd8 19. Rd1 Qe8 20. g4 Rd8 21. g5
hxg5 22. hxg5 Nh5 23. Rxd8 Qxd8 24. Bxe4 Nxf4 25. Bxb7 Qc7 26. e3 Nh3+ 27. Kh2
Nxg5 28. f4 Qxb7 29. fxg5 Bd6 0-1